书目信息 |
| 题名: |
二荷花史
|
|
| 作者: | 薛汕 校订 | |
| 分册: | ||
| 出版信息: | 北京 文化艺术出版社 1985.9 |
|
| 页数: | 110页 | |
| 开本: | 20cm | |
| 丛书名: | ||
| 单 册: | ||
| 中图分类: | I239.1 | |
| 科图分类: | ||
| 主题词: | 戏剧文学--剧本--中国 | |
| 电子资源: | ||
| ISBN: | ||
| 000 | 00524nam0 2200193 45 | |
| 001 | 0312221749 | |
| 005 | 20031222170806.8 | |
| 010 | @dCNY0.85 | |
| 100 | @a20031222d1985 km y0chiy0120 ea | |
| 101 | @achi | |
| 105 | @a z 000yy | |
| 200 | 1 | @a二荷花史@AEr He Hua Shi@f薛汕校订@FXue Shan Jiao Ding |
| 210 | @a北京@c文化艺术出版社@d1985.9 | |
| 215 | @a110页@d20cm | |
| 606 | 0 | @a戏剧文学@x剧本@x中国 |
| 690 | @aI239.1@v3 | |
| 701 | 0 | @a薛汕@4校订 |
| 801 | @aCN@bTSTCL@c20031222 | |
| 905 | @a213230@dI239.1@e54@b141548-550@f3 | |
| 二荷花史/薛汕校订.-北京:文化艺术出版社,1985.9 |
| 110页;20cm |
| ISBN :CNY0.85 |
| ● |
| 相关链接 |
|
|
|
|
正题名:二荷花史
索取号:I239.1/54
 
预约/预借
| 序号 | 登录号 | 条形码 | 馆藏地/架位号 | 状态 | 备注 |
| 1 | 0141548 | 000962765 | 第二借阅区/ [索取号:I239.1/54] | 在馆 | |
| 2 | 0141549 | 000962774 | 第二借阅区/ [索取号:I239.1/54] | 在馆 | |
| 3 | 0141550 | 000962756 | 第一样本阅览室/ [索取号:I239.1/54] | 在馆 |